|
|
|
|
| LEADER |
00568nam a22001697a 4500 |
| 082 |
|
|
|a 050
|b SHA/B N1 Vol-15
|
| 240 |
|
|
|a Bhasha Sahithi
|
| 245 |
|
|
|a Bhasha Sahithi
|
| 250 |
|
|
|a Ist
|
| 260 |
|
|
|a Trivandrum;
|b University of Kerala;
|c 1991
|
| 300 |
|
|
|a 112p.
|
| 650 |
|
|
|a Malayalam; Journal
|9 309239
|
| 700 |
|
|
|a a
|9 313262
|
| 700 |
|
|
|a V S Sharama (Ed.)
|9 270148
|
| 942 |
|
|
|c BK
|
| 999 |
|
|
|c 73805
|d 73805
|
| 952 |
|
|
|0 0
|1 0
|4 0
|6 050_000000000000000_SHA_B_N1_VOL15
|7 0
|8 Journal
|9 87004
|a MAL
|b MAL
|d 2017-01-21
|e T004357
|g 60.00
|l 0
|o 050 SHA/B N1 Vol-15
|p MALT004357
|r 2017-01-21
|t 1
|w 2017-01-21
|y BK
|